LEADER 04446nam 22007452 450 001 9910782288603321 005 20151005020621.0 010 $a1-139-63739-8 010 $a1-107-17805-3 010 $a1-281-71702-9 010 $a9786611717025 010 $a0-511-40926-5 010 $a0-511-40790-4 010 $a0-511-40980-X 010 $a0-511-40716-5 010 $a0-511-54736-6 010 $a0-511-40869-2 035 $a(CKB)1000000000535616 035 $a(EBL)347191 035 $a(OCoLC)437213160 035 $a(SSID)ssj0000211137 035 $a(PQKBManifestationID)11174420 035 $a(PQKBTitleCode)TC0000211137 035 $a(PQKBWorkID)10291263 035 $a(PQKB)10920783 035 $a(UkCbUP)CR9780511547362 035 $a(MiAaPQ)EBC347191 035 $a(Au-PeEL)EBL347191 035 $a(CaPaEBR)ebr10235072 035 $a(CaONFJC)MIL171702 035 $a(PPN)261354035 035 $a(EXLCZ)991000000000535616 100 $a20090508d2008|||| uy| 0 101 0 $aeng 135 $aur||||||||||| 181 $ctxt$2rdacontent 182 $cc$2rdamedia 183 $acr$2rdacarrier 200 00$aNezhat's operative gynecologic laparoscopy and hysteroscopy /$fedited by Camran Nezhat, Farr Nezhat, Ceana Nezhat$b[electronic resource] 205 $aThird edition. 210 1$aCambridge :$cCambridge University Press,$d2008. 215 $a1 online resource (xxi, 633 pages) $cdigital, PDF file(s) 300 $aTitle from publisher's bibliographic system (viewed on 05 Oct 2015). 311 $a0-521-86249-3 320 $aIncludes bibliographical references and index. 327 $aCover; Half-title; Title; Copyright; Contents; Contributing Authors; Forewords; Forewords to the Second Edition; Forewords to the First Edition; Preface; 1 HISTORY OF MODERN OPERATIVE LAPAROSCOPY; 2 EQUIPMENT; 3 ANESTHESIA; 4 LAPAROSCOPIC ACCESS; 5 LAPAROSCOPIC SUTURING; 6 INTRAPERITONEAL AND RETROPERITONEAL ANATOMY; 7 FERTILITY; 8 HYSTEROSCOPY; 9 MANAGEMENT OF ADNEXAL MASSES; 10 ENDOMETRIOSIS; 11 LAPAROSCOPIC ADHESIOLYSIS AND ADHESION PREVENTION; 12 LEIOMYOMAS; 13 HYSTERECTOMY; 14 PELVIC FLOOR; 15 LAPAROSCOPIC TREATMENT OF CHRONIC PELVIC PAIN; 16 GYNECOLOGIC MALIGNANCY 327 $a17 LAPAROSCOPY IN THE PREGNANT PATIENT18 MINIMAL ACCESS PEDIATRIC SURGERY; 19 LAPAROSCOPIC VASCULAR SURGERY IN 2007; 20 COMPLICATIONS IN LAPAROSCOPY; 21 ADDITIONAL PROCEDURES FOR PELVIC SURGEONS; 22 LAPAROSCOPY SIMULATORS FOR TRAINING BASIC SURGICAL SKILLS, TASKS, AND PROCEDURES; 23 ROBOT-ASSISTED LAPAROSCOPY; 24 HYSTEROSCOPY AND ENDOMETRIAL CANCER; 25 OVERVIEW OF COMPLICATIONS; Appendix A: The Informed Consent andMalpractice; Atlas; Index 330 $aGynecologic laparoscopy has evolved into a major surgical tool used to treat a multitude of gynecologic indications. Laparoscopy is the most common surgical procedure performed by gynecologists today. This book catalogs the full spectrum of laparoscopic procedures in gynecology, oncology, and infertility treatment. The authors describe different techniques in minimally invasive surgery and review the evidence-based medical literature supporting these techniques. Included are sections on the management of complications during laparoscopy, ranging from vascular injury to bladder or bowel injury. It contains expanded chapters on laparoscopic anatomy, operative hysteroscopy and pelvic floor repair. The editors have pioneered some of the most important laparoscopic procedures used today. Their work has opened up the video laparoscopy field for surgeons worldwide. The contributors have extensive experience in laparoscopy and hysteroscopy, and many of them have established some of the surgical techniques discussed. High-quality color pictures supplement many of the presentations. 517 3 $aNezhat's Operative Gynecologic Laparoscopy & Hysteroscopy 606 $aGenerative organs, Female$xEndoscopic surgery 606 $aLaparoscopic surgery 606 $aHysteroscopy 615 0$aGenerative organs, Female$xEndoscopic surgery. 615 0$aLaparoscopic surgery. 615 0$aHysteroscopy. 676 $a618.1/059 702 $aNezhat$b Camran 702 $aNezhat$b Farr R. 702 $aNezhat$b Ceana 801 0$bUkCbUP 801 1$bUkCbUP 906 $aBOOK 912 $a9910782288603321 996 $aNezhat's operative gynecologic laparoscopy and hysteroscopy$93831412 997 $aUNINA LEADER 04630nam 2201177z- 450 001 9910557334203321 005 20220111 035 $a(CKB)5400000000042536 035 $a(oapen)https://directory.doabooks.org/handle/20.500.12854/76424 035 $a(oapen)doab76424 035 $a(EXLCZ)995400000000042536 100 $a20202201d2021 |y 0 101 0 $aeng 135 $aurmn|---annan 181 $ctxt$2rdacontent 182 $cc$2rdamedia 183 $acr$2rdacarrier 200 00$aHuman Enhancement Technologies and Our Merger with Machines 210 $aBasel, Switzerland$cMDPI - Multidisciplinary Digital Publishing Institute$d2021 215 $a1 online resource (226 p.) 311 08$a3-0365-0904-6 311 08$a3-0365-0905-4 330 $aA cross-disciplinary approach is offered to consider the challenge of emerging technologies designed to enhance human bodies and minds. Perspectives from philosophy, ethics, law, and policy are applied to a wide variety of enhancements, including integration of technology within human bodies, as well as genetic, biological, and pharmacological modifications. Humans may be permanently or temporarily enhanced with artificial parts by manipulating (or reprogramming) human DNA and through other enhancement techniques (and combinations thereof). We are on the cusp of significantly modifying (and perhaps improving) the human ecosystem. This evolution necessitates a continuing effort to re-evaluate current laws and, if appropriate, to modify such laws or develop new laws that address enhancement technology. A legal, ethical, and policy response to current and future human enhancements should strive to protect the rights of all involved and to recognize the responsibilities of humans to other conscious and living beings, regardless of what they look like or what abilities they have (or lack). A potential ethical approach is outlined in which rights and responsibilities should be respected even if enhanced humans are perceived by non-enhanced (or less-enhanced) humans as "no longer human" at all. 606 $aTechnology: general issues$2bicssc 610 $aableism 610 $aalienation 610 $aassisted reproductive technologies (ART) 610 $aautonomy 610 $abionics 610 $abiotechnology 610 $abrain science 610 $abrain-computer interface 610 $abrain-computer interface (BCI) 610 $abrain-machine interface (BMI) 610 $acognitive enhancement 610 $acognitive liberty 610 $acopyright 610 $acopyright law 610 $aCRISPR 610 $acultural studies 610 $acultural technology 610 $acyborg 610 $acyborgs 610 $adisability 610 $adiscrimination 610 $aDisney 610 $aembryo selection 610 $aengineering 610 $aenhancement technology 610 $aethical 610 $aethics 610 $aevolution 610 $agene editing 610 $agenome-wide association studies (GWAS) 610 $aHomo sapiens 610 $aHomo technologicus 610 $ahuman enhancement 610 $ahuman enhancements 610 $ahuman rights 610 $ahuman-machine interaction 610 $ahuman-machine interaction 610 $ahuman-robot interaction 610 $aidentity 610 $aimplants 610 $ain vitro gametogenesis (IVG) 610 $ainformed consent 610 $aintellectual property 610 $ainternational law 610 $alegal and social Issues (ELSI) 610 $amarketing 610 $amilitary ethics 610 $amind 610 $amoral enhancement 610 $an/a 610 $anarrative review 610 $aneuroethics 610 $aneuropolitics 610 $aneuroprosthesis 610 $anew senses 610 $anumeric identity 610 $apatent law 610 $aposthumans 610 $aprosthesis 610 $apublic opinion 610 $aracism 610 $asense of agency 610 $aspeciesism 610 $asupercrip 610 $asuperhumans 610 $aupgrading humans 610 $avoting 610 $avulnerability 615 7$aTechnology: general issues 700 $aBarfield$b Woodrow$4edt$0992579 702 $aBlodgett-Ford$b Sayoko$4edt 702 $aBarfield$b Woodrow$4oth 702 $aBlodgett-Ford$b Sayoko$4oth 906 $aBOOK 912 $a9910557334203321 996 $aHuman Enhancement Technologies and Our Merger with Machines$93026953 997 $aUNINA